| 000 | 00870nam a2200181Ia 4500 | ||
|---|---|---|---|
| 008 | 100917s9999 xx 000 0 und d | ||
| 082 | _b37260 | ||
| 100 | _aसाळवी पु. गो. | ||
| 245 | _aलोकराज्य (शिवाजी म. राज्यारोहण त्रसिंवंत्सरी विशेषांक) | ||
| 260 |
_bमाहिती व जनसंपर्क महासंचनालय _c1974 |
||
| 300 | _a112 | ||
| 365 | _b2 | ||
| 520 | _a--- | ||
| 630 | _aलोकराज्य (शिवाजी म. राज्यारोहण त्रसिंवंत्सरी विशेषांक) | ||
| 650 | _a--- | ||
| 730 | _aलोकराज्य (शिवाजी म. राज्यारोहण त्रसिंवंत्सरी विशेषांक) | ||
| 942 | _cBOOK | ||
| 999 |
_c642654 _d642651 |
||